| Tag |
First Indicator |
Second Indicator |
Subfields |
| LEADER |
00000cam a2200000 4500 |
| 001 |
in00000035710 |
| 005 |
20151007062114.0 |
| 008 |
750311s1953 mau b 00000 eng u |
| 010 |
|
|
|a 53003559
|
| 035 |
|
|
|a (OCoLC)01209709
|
| 035 |
|
|
|9 AAD3963AM
|
| 040 |
|
|
|c RIU
|d TXA
|d UtOrBLW
|
| 049 |
|
|
|a TXAM
|c [284387]
|
| 050 |
0 |
0 |
|a PR2646
|b .P32
|
| 082 |
0 |
|
|a 822.34
|
| 092 |
|
|
|a 822
|b J81Ypa
|
| 100 |
1 |
|
|a Partridge, A. C.
|q (Astley Cooper)
|
| 245 |
1 |
0 |
|a Studies in the syntax of Ben Jonson's plays.
|
| 264 |
|
1 |
|a Cambridge :
|b Bowes & Bowes,
|c [1953]
|
| 300 |
|
|
|a 104 pages ;
|c 22 cm.
|
| 336 |
|
|
|a text
|b txt
|2 rdacontent
|
| 337 |
|
|
|a unmediated
|b n
|2 rdamedia
|
| 338 |
|
|
|a volume
|b nc
|2 rdacarrier
|
| 504 |
|
|
|a Includes bibliography.
|
| 600 |
1 |
0 |
|a Jonson, Ben,
|d 1573?-1637
|x Language.
|
| 999 |
|
|
|a MARS
|
| 999 |
f |
f |
|s bb4ff05d-f28c-32d3-b6f7-bed66eb6c7d0
|i 2b19cc61-022b-30b9-ba5f-5f7dbe07d6f0
|t 0
|
| 952 |
f |
f |
|p ric
|a Texas A&M University
|b Rellis Campus
|c Joint Library Facility
|d Remote Storage
|t 0
|e PR2646 .P32
|h Library of Congress classification
|i unmediated -- volume
|m A14801297762
|
| 998 |
f |
f |
|a PR2646 .P32
|t 0
|l Remote Storage
|